000 00662cam a22002293a 4500
001 23166
003 PGUSA
005 20140828083507.0
008 071024s2007||||xxu|||||s|||||000 | eng d
040 _aPGUSA
_beng
042 _adc
050 4 _aPS
100 1 _aTaylor, Bayard,
_d1825-1878
245 1 0 _aWho Was She? :
_bFrom "The Atlantic Monthly" for September, 1874
_h[electronic resource] /
_cBayard Taylor
260 _bProject Gutenberg,
_c2007
506 _aPublic domain in the USA.
516 _aElectronic text
653 _aShort stories
830 0 _aProject Gutenberg
_v23166
856 4 0 _uhttp://www.gutenberg.org/ebooks/23166
942 _cEB
999 _c252421
_d252421